<?xml version="1.0" encoding="UTF-8"?>
<record
    xmlns:xsi="http://www.w3.org/2001/XMLSchema-instance"
    xsi:schemaLocation="http://www.loc.gov/MARC21/slim http://www.loc.gov/standards/marcxml/schema/MARC21slim.xsd"
    xmlns="http://www.loc.gov/MARC21/slim">

  <leader>01310nas a22002895a 4500</leader>
  <controlfield tag="005">20170916114012.0</controlfield>
  <controlfield tag="008">170916d19451948ua mr per     000 f0ara d</controlfield>
  <datafield tag="040" ind1=" " ind2=" ">
    <subfield code="a">EG-ScBUE</subfield>
    <subfield code="b">ara</subfield>
    <subfield code="c">EG-ScBUE</subfield>
  </datafield>
  <datafield tag="082" ind1="0" ind2="4">
    <subfield code="a">892.7405</subfield>
    <subfield code="b">&#x643; &#x627; &#x62A;</subfield>
    <subfield code="2">22</subfield>
  </datafield>
  <datafield tag="245" ind1="0" ind2="2">
    <subfield code="a">&#x627;&#x644;&#x643;&#x627;&#x62A;&#x628; &#x627;&#x644;&#x645;&#x635;&#x631;&#x64A; :</subfield>
    <subfield code="b">&#x645;&#x62C;&#x644;&#x629; &#x623;&#x62F;&#x628;&#x64A;&#x629; &#x634;&#x647;&#x631;&#x64A;&#x629; &#x62A;&#x635;&#x62F;&#x631;&#x647;&#x627; &#x62F;&#x627;&#x631; &#x627;&#x644;&#x643;&#x627;&#x62A;&#x628; &#x627;&#x644;&#x645;&#x635;&#x631;&#x64A;.</subfield>
  </datafield>
  <datafield tag="260" ind1=" " ind2=" ">
    <subfield code="a">&#x627;&#x644;&#x642;&#x627;&#x647;&#x631;&#x629; :</subfield>
    <subfield code="b">&#x62F;&#x627;&#x631; &#x627;&#x644;&#x643;&#x627;&#x62A;&#x628; &#x627;&#x644;&#x645;&#x635;&#x631;&#x64A;&#x60C;</subfield>
    <subfield code="c">1948-1945.</subfield>
  </datafield>
  <datafield tag="300" ind1=" " ind2=" ">
    <subfield code="a">8 &#x645;&#x62C;. :</subfield>
    <subfield code="b">&#x625;&#x64A;&#x636;. &#x61B;</subfield>
    <subfield code="c">24 &#x633;&#x645;.</subfield>
  </datafield>
  <datafield tag="310" ind1=" " ind2=" ">
    <subfield code="a">&#x634;&#x647;&#x631;&#x64A;&#x629;&#x60C;</subfield>
    <subfield code="b">1948-1945</subfield>
  </datafield>
  <datafield tag="321" ind1=" " ind2=" ">
    <subfield code="a">&#x645;&#x646;&#x62A;&#x638;&#x645;&#x629;&#x60C;</subfield>
    <subfield code="b">1948-1945</subfield>
  </datafield>
  <datafield tag="362" ind1="0" ind2=" ">
    <subfield code="a">&#x645;&#x62C;. 1&#x60C; &#x639;. 1 (&#x623;&#x643;&#x62A;&#x648;&#x628;&#x631; 1945) - &#x645;&#x62C;. 8&#x60C; &#x639;. 32 (&#x645;&#x627;&#x64A;&#x648; 1948)</subfield>
  </datafield>
  <datafield tag="362" ind1="0" ind2=" ">
    <subfield code="a">&#x62A;&#x648;&#x642;&#x641;&#x62A; &#x645;&#x639; &#x645;&#x62C;. 8&#x60C; &#x639;. 32 (&#x645;&#x627;&#x64A;&#x648; 1948)</subfield>
  </datafield>
  <datafield tag="500" ind1=" " ind2=" ">
    <subfield code="a">&#x627;&#x644;&#x648;&#x635;&#x641; &#x645;&#x623;&#x62E;&#x648;&#x630;&#x629; &#x639;&#x646; : &#x645;&#x62C;. 1&#x60C; &#x639;. 1 (&#x623;&#x643;&#x62A;&#x648;&#x628;&#x631; 1945).</subfield>
  </datafield>
  <datafield tag="500" ind1=" " ind2=" ">
    <subfield code="a">&#x622;&#x62E;&#x631; &#x639;&#x62F;&#x62F; &#x635;&#x62F;&#x631; : &#x645;&#x62C;. 8&#x60C; &#x639;. 8 (&#x645;&#x627;&#x64A;&#x648; 1948)</subfield>
  </datafield>
  <datafield tag="500" ind1=" " ind2=" ">
    <subfield code="a">&#x631;&#x626;&#x64A;&#x633; &#x627;&#x644;&#x62A;&#x62D;&#x631;&#x64A;&#x631; : &#x62F;&#x643;&#x62A;&#x648;&#x631; &#x637;&#x647; &#x62D;&#x633;&#x64A;&#x646;.</subfield>
  </datafield>
  <datafield tag="500" ind1=" " ind2=" ">
    <subfield code="a">&#x62A;&#x62A;&#x643;&#x648;&#x646; &#x645;&#x62C;&#x644;&#x629; &#x627;&#x644;&#x643;&#x627;&#x62A;&#x628; &#x627;&#x644;&#x645;&#x635;&#x631;&#x64A; &#x645;&#x646; 8 &#x645;&#x62C;&#x644;&#x62F;&#x627;&#x62A; &#x648;&#x643;&#x644; &#x645;&#x62C;&#x644;&#x62F; &#x64A;&#x62D;&#x62A;&#x648;&#x64A; &#x639;&#x644;&#x649; 4 &#x623;&#x639;&#x62F;&#x627;&#x62F;.</subfield>
  </datafield>
  <datafield tag="650" ind1=" " ind2="7">
    <subfield code="a">&#x627;&#x644;&#x623;&#x62F;&#x628; &#x627;&#x644;&#x639;&#x631;&#x628;&#x64A;</subfield>
    <subfield code="z">&#x645;&#x635;&#x631;</subfield>
    <subfield code="v">&#x62F;&#x648;&#x631;&#x64A;&#x627;&#x62A;.</subfield>
    <subfield code="2">BUEsh</subfield>
  </datafield>
  <datafield tag="651" ind1=" " ind2=" ">
    <subfield code="2">BUEsh</subfield>
  </datafield>
  <datafield tag="653" ind1=" " ind2=" ">
    <subfield code="b">ARALIT</subfield>
    <subfield code="c">September2017</subfield>
  </datafield>
  <datafield tag="655" ind1=" " ind2=" ">
    <subfield code="a">&#x62F;&#x648;&#x631;&#x64A;&#x627;&#x62A;</subfield>
  </datafield>
  <datafield tag="710" ind1="2" ind2=" ">
    <subfield code="a">&#x62F;&#x627;&#x631; &#x627;&#x644;&#x643;&#x627;&#x62A;&#x628; &#x627;&#x644;&#x645;&#x635;&#x631;&#x64A; (&#x627;&#x644;&#x642;&#x627;&#x647;&#x631;&#x629;)</subfield>
  </datafield>
  <datafield tag="942" ind1=" " ind2=" ">
    <subfield code="c">BB</subfield>
    <subfield code="k">810HUS</subfield>
    <subfield code="2">ddc</subfield>
  </datafield>
  <datafield tag="999" ind1=" " ind2=" ">
    <subfield code="c">5446</subfield>
    <subfield code="d">5446</subfield>
  </datafield>
  <datafield tag="952" ind1=" " ind2=" ">
    <subfield code="0">0</subfield>
    <subfield code="1">0</subfield>
    <subfield code="2">ddc</subfield>
    <subfield code="4">0</subfield>
    <subfield code="7">0</subfield>
    <subfield code="9">44050</subfield>
    <subfield code="a">MAIN</subfield>
    <subfield code="b">MAIN</subfield>
    <subfield code="c">2ND</subfield>
    <subfield code="d">2017-09-16</subfield>
    <subfield code="l">0</subfield>
    <subfield code="o">892.7405 &#x643; &#x627; &#x62A;</subfield>
    <subfield code="p">000006895</subfield>
    <subfield code="r">2022-08-24 00:00:00</subfield>
    <subfield code="w">2017-09-16</subfield>
    <subfield code="y">JOURNAL</subfield>
    <subfield code="z">&#x645;&#x62C;. 1 (&#x639;. 1 - &#x639;. 4)</subfield>
  </datafield>
  <datafield tag="952" ind1=" " ind2=" ">
    <subfield code="0">0</subfield>
    <subfield code="1">0</subfield>
    <subfield code="2">ddc</subfield>
    <subfield code="4">0</subfield>
    <subfield code="7">0</subfield>
    <subfield code="9">44051</subfield>
    <subfield code="a">MAIN</subfield>
    <subfield code="b">MAIN</subfield>
    <subfield code="c">2ND</subfield>
    <subfield code="d">2017-09-16</subfield>
    <subfield code="l">0</subfield>
    <subfield code="o">892.7405 &#x643; &#x627; &#x62A;</subfield>
    <subfield code="p">000008871</subfield>
    <subfield code="r">2025-07-15 00:00:00</subfield>
    <subfield code="w">2017-09-16</subfield>
    <subfield code="y">JOURNAL</subfield>
    <subfield code="z">&#x645;&#x62C;. 2 (&#x639;. 5 - &#x639;. 8)</subfield>
  </datafield>
  <datafield tag="952" ind1=" " ind2=" ">
    <subfield code="0">0</subfield>
    <subfield code="1">0</subfield>
    <subfield code="2">ddc</subfield>
    <subfield code="4">0</subfield>
    <subfield code="7">0</subfield>
    <subfield code="9">44052</subfield>
    <subfield code="a">MAIN</subfield>
    <subfield code="b">MAIN</subfield>
    <subfield code="c">2ND</subfield>
    <subfield code="d">2017-09-16</subfield>
    <subfield code="l">0</subfield>
    <subfield code="o">892.7405 &#x643; &#x627; &#x62A;</subfield>
    <subfield code="p">000007609</subfield>
    <subfield code="r">2025-07-15 00:00:00</subfield>
    <subfield code="w">2017-09-16</subfield>
    <subfield code="y">JOURNAL</subfield>
    <subfield code="z">&#x645;&#x62C;. 3 (&#x639;. 9 - &#x639;. 12)</subfield>
  </datafield>
  <datafield tag="952" ind1=" " ind2=" ">
    <subfield code="0">0</subfield>
    <subfield code="1">0</subfield>
    <subfield code="2">ddc</subfield>
    <subfield code="4">0</subfield>
    <subfield code="7">0</subfield>
    <subfield code="9">44053</subfield>
    <subfield code="a">MAIN</subfield>
    <subfield code="b">MAIN</subfield>
    <subfield code="c">2ND</subfield>
    <subfield code="d">2017-09-16</subfield>
    <subfield code="l">0</subfield>
    <subfield code="o">892.7405 &#x643; &#x627; &#x62A;</subfield>
    <subfield code="p">000007612</subfield>
    <subfield code="r">2025-07-15 00:00:00</subfield>
    <subfield code="w">2017-09-16</subfield>
    <subfield code="y">JOURNAL</subfield>
    <subfield code="z">&#x645;&#x62C;. 4 (&#x639;. 13 - &#x639;. 16)</subfield>
  </datafield>
  <datafield tag="952" ind1=" " ind2=" ">
    <subfield code="0">0</subfield>
    <subfield code="1">0</subfield>
    <subfield code="2">ddc</subfield>
    <subfield code="4">0</subfield>
    <subfield code="7">0</subfield>
    <subfield code="9">44054</subfield>
    <subfield code="a">MAIN</subfield>
    <subfield code="b">MAIN</subfield>
    <subfield code="c">2ND</subfield>
    <subfield code="d">2017-09-16</subfield>
    <subfield code="l">0</subfield>
    <subfield code="o">892.7405 &#x643; &#x627; &#x62A;</subfield>
    <subfield code="p">000008870</subfield>
    <subfield code="r">2025-07-15 00:00:00</subfield>
    <subfield code="w">2017-09-16</subfield>
    <subfield code="y">JOURNAL</subfield>
    <subfield code="z">&#x645;&#x62C;. 5 (&#x639;. 17 - &#x639;. 20)</subfield>
  </datafield>
  <datafield tag="952" ind1=" " ind2=" ">
    <subfield code="0">0</subfield>
    <subfield code="1">0</subfield>
    <subfield code="2">ddc</subfield>
    <subfield code="4">0</subfield>
    <subfield code="7">0</subfield>
    <subfield code="9">44055</subfield>
    <subfield code="a">MAIN</subfield>
    <subfield code="b">MAIN</subfield>
    <subfield code="c">2ND</subfield>
    <subfield code="d">2017-09-16</subfield>
    <subfield code="l">0</subfield>
    <subfield code="o">892.7405 &#x643; &#x627; &#x62A;</subfield>
    <subfield code="p">000008580</subfield>
    <subfield code="r">2025-07-15 00:00:00</subfield>
    <subfield code="w">2017-09-16</subfield>
    <subfield code="y">JOURNAL</subfield>
    <subfield code="z">&#x645;&#x62C;. 6 (&#x639;. 21 - &#x639;. 24)</subfield>
  </datafield>
  <datafield tag="952" ind1=" " ind2=" ">
    <subfield code="0">0</subfield>
    <subfield code="1">0</subfield>
    <subfield code="2">ddc</subfield>
    <subfield code="4">0</subfield>
    <subfield code="7">0</subfield>
    <subfield code="9">44056</subfield>
    <subfield code="a">MAIN</subfield>
    <subfield code="b">MAIN</subfield>
    <subfield code="c">2ND</subfield>
    <subfield code="d">2017-09-16</subfield>
    <subfield code="l">0</subfield>
    <subfield code="o">892.7405 &#x643; &#x627; &#x62A;</subfield>
    <subfield code="p">000008579</subfield>
    <subfield code="r">2025-07-15 00:00:00</subfield>
    <subfield code="w">2017-09-16</subfield>
    <subfield code="y">JOURNAL</subfield>
    <subfield code="z">&#x645;&#x62C;. 7 (&#x639;. 25 - &#x639;. 28)</subfield>
  </datafield>
  <datafield tag="952" ind1=" " ind2=" ">
    <subfield code="0">0</subfield>
    <subfield code="1">0</subfield>
    <subfield code="2">ddc</subfield>
    <subfield code="4">0</subfield>
    <subfield code="7">0</subfield>
    <subfield code="9">44057</subfield>
    <subfield code="a">MAIN</subfield>
    <subfield code="b">MAIN</subfield>
    <subfield code="c">2ND</subfield>
    <subfield code="d">2017-09-16</subfield>
    <subfield code="l">0</subfield>
    <subfield code="o">892.7405 &#x643; &#x627; &#x62A;</subfield>
    <subfield code="p">000008578</subfield>
    <subfield code="r">2025-07-15 00:00:00</subfield>
    <subfield code="w">2017-09-16</subfield>
    <subfield code="y">JOURNAL</subfield>
    <subfield code="z">&#x645;&#x62C;. 8 (&#x639;. 29 - &#x639;. 32)</subfield>
  </datafield>
</record>
